01132nam a2200217 a 450000100100000000500170001000800410002704000250006824500850009326000380017830000200021670000370023671000390027304900090031295201200032195201200044195201200056195201050068195201110078699900170089700002962620200930055703.0110419s2002 dr ad 000 0 spa d aDO-SdBNPbspacBNPHU00aInventario nacional de caficultores /ccololaboradores Corolina Lucía Montero. aSanto Domingo :bCODOCAFE,c2002. a21 p. ;c28 cm.1 aMontero, Carolina Lucía9564412 aConsejo Dominicano del Cafe922979 aBNPD 001054708DSaGRbGRcCTd2011-04-19iLF1l0o p29626-30r2020-06-25te. 3w2020-06-25yLFDSZPréstamo en sala 001054708DSaGRbGRcCTd2011-04-19iLF1l0o p29626-40r2020-06-25te. 4w2020-06-25yLFDSZPréstamo en sala 001054708DSaGRbGRcCTd2011-04-19iLF1l0o p29626-50r2020-06-25te. 5w2020-06-25yLFDSZPréstamo en sala 0010718PDaPDbPDcCTd2011-04-19iLF1l0o p29626-10r2020-06-25w2020-06-25yLFPDZNo se presta 0010718PDaPDbPDcCTd2011-04-19iLF1l0o p29626-20r2020-06-25te. 2w2020-06-25yLFPDZNo se presta c29118d29118